| 000 | 00354nam a22001337a 4500 | ||
|---|---|---|---|
| 082 |
_a658.15 _bLOW _cL-13, P-20 |
||
| 100 |
_aLowe, Gordon _944718 |
||
| 245 |
_aFinance for engineer / _cGordon Lowe |
||
| 260 |
_aUSA : _bEmmott & Co Ltd, _c1946. |
||
| 300 | _a50 p. : | ||
| 526 |
_a0 _b0 _c0 _d658_150000000000000_LOW |
||
| 650 |
_aMCE _9379 |
||
| 942 |
_2ddc _cBK |
||
| 999 |
_c548426 _d548426 |
||